Mis-Matched Movies III Quiz Stats

 Plays Quiz Updated Mar 9, 2017

Support Sporcle.
Go Orange.
Score 0/30 Timer 05:00
3 Plays Today
% Correct
Top Story
95.8%
Ocean's Tide
94.4%
Police Report
92%
Pineapple Jam
91.4%
Moonrise Now
90.7%
Magic Minds
90.4%
Flushed Business
90.4%
Sleepy Nights
90.3%
Dirty Bosses
89.2%
Tropic Holiday
89.2%
Road Runner
88.6%
Shark Attacks!
88.3%
Vanilla Cake
87.5%
Scary Dragon
87.4%
American English
87%
% Correct
Bad Rider
86.9%
Almost Out
86.8%
Phone Fairy
86.1%
Final Match
85.7%
Mystic Girl
83.6%
Girls Gilmore
83.3%
Deep Romance
82.5%
Tokyo City
80.1%
Little Beauty
78.9%
Dead Pan
78.7%
Speed Dating
75.6%
Open Grave
71.7%
Raw Fish
70.6%
White People
69.6%
Spice Up
68.1%

You're not logged in!

Compare scores with friends on all Sporcle quizzes.
OR
Log In
Forgot?

From the Vault

According to Netflix: TV Sci-Fi & Fantasy

by jencon117

If it's according to Netflix, it must be right.
Remove Ads.
Support Sporcle.
Get the best of Sporcle when you Go Orange. This ad-free experience offers more features, more stats, and more fun while also helping to support Sporcle. Thank you for becoming a member.

Show Comments

Extras

Top Quizzes Today


Score Distribution

Your Account Isn't Verified!

In order to create a playlist on Sporcle, you need to verify the email address you used during registration. Go to your Sporcle Settings to finish the process.

Report this User

Report this user for behavior that violates our Community Guidelines.

Details: